Meilleurs buteurs des 50 meilleures sélections - Statistiques

Statistiques générales
  • Ce quiz a été pris 104 fois
  • Le résultat moyen est 21 sur 50
Statistiques - réponses
Sélection Meilleur buteur % Correct
Portugal Cristiano Ronaldo
99%
France Olivier Giroud
99%
Argentine Lionel Messi
98%
Belgique Romelu Lukaku
93%
Brésil Neymar Jr
92%
Angleterre Harry Kane
91%
Norvège Erling Haaland
80%
Allemagne Miroslav Klose
80%
Espagne David Villa
79%
Pologne Robert Lewandowski
76%
Uruguay Luis Suarez
74%
Côte d'Ivoire Didier Drogba
72%
Pays-Bas Memphis Depay
72%
Pays de Galles Gareth Bale
71%
Suède Zlatan Ibrahimovic
70%
Sénégal Sadio Mané
67%
Croatie Davor Šuker
60%
Ukraine Andriy Shevchenko
57%
Mexique Javier Hernandez
54%
États-Unis Clint Dempsey / Landon Donovan
51%
Hongrie Ferenc Puskas
49%
Colombie Radamel Falcao
49%
Roumanie Adrian Mutu / Gheorghe Hagi
48%
Australie Tim Cahill
45%
Équateur Enner Valencia
38%
Algérie Islam Slimani
34%
Turquie Hakan Şükür
31%
Écosse Denis Law / Kenny Dalglish
29%
Serbie Aleksandar Mitrovic
28%
Slovaquie Marek Hamšík
28%
Corée du Sud Cha Bum-geun
25%
Suisse Alexander Frei
23%
Tchéquie Jan Koller
20%
Iran Ali Daei
18%
Italie Luigi Riva
18%
Russie Artem Dzyuba
15%
Danemark Poul Nielsen / Jon Dahl Tomasson
11%
Égypte Hossam Hassan
9%
Paraguay Roque Santa Cruz
8%
Venezuela Salomon Rondon
7%
Nigeria Rashidi Yekini
6%
Autriche Toni Polster
6%
Canada Cyle Larin
5%
Japon Kunishige Kamamoto
3%
Tunisie Issam Jemâa
1%
Panama Luis Tejada
1%
Ouzbékistan Maksim Chatskikh
1%
Maroc Salaheddine Bassir
1%
Grèce Níkos Anastópoulos
0%
Costa Rica Rolando Fonseca
0%
Aucun quiz correspondant
Distribution des résultats
% des personnes avec chaque résultat
Percentile par nombre de réponses
Votre historique - résultats
Vous n’avez pas pris ce quiz